Memoria leída en la solemne apertura del curso académico de 1882 a 1883 / (Record no. 181379)

MARC details
000 -LEADER
campo de control de longitud fija 00760nam a2200181 i 4500
001 - NÚMERO DE CONTROL
campo de control 181379
003 - IDENTIFICADOR DE NÚMERO DE CONTROL
campo de control ES-MaACL
005 - FECHA Y HORA DE LA ÚLTIMA TRANSACCIÓN
campo de control 20230906221340.0
008 - DATOS DE LONGITUD FIJA--INFORMACIÓN GENERAL
campo de control de longitud fija 121220s1882 sp |||| | spa d
110 2# - ENTRADA PRINCIPAL--NOMBRE DE ENTIDAD CORPORATIVA
Nombre de entidad corporativa o nombre de jurisdicción como elemento de entrada Escuela de Artes y Oficios de San Sebastian.
9 (RLIN) 134364
245 10 - MENCIÓN DEL TÍTULO
Título Memoria leída en la solemne apertura del curso académico de 1882 a 1883 /
Mención de responsabilidad, etc. por don José de la Peña.
260 ## - PUBLICACIÓN, DISTRIBUCIÓN, ETC.
Lugar de publicación, distribución, etc. San Sebastián :
Nombre del editor, distribuidor, etc. [s.n.],
Fecha de publicación, distribución, etc. 1882 (
Fabricante Est. tip. de Osés)
300 ## - DESCRIPCIÓN FÍSICA
Extensión 31 p., [1] h. pleg. ;
Dimensiones 22 cm.
594 ## - Nota al título y mención de responsabilidad
Nota al título y mención de responsabilidad Precede al tít.: Escuela de Artes y Oficios de San Sebastián.
610 24 - PUNTO DE ACCESO ADICIONAL DE MATERIA--NOMBRE DE ENTIDAD CORPORATIVA
Nombre de entidad corporativa o nombre de jurisdicción como elemento de entrada Escuela de Artes y Oficios de San Sebastián-
Subdivisión de forma Memorias.
9 (RLIN) 152000
700 1# - ENTRADA AGREGADA--NOMBRE PERSONAL
Nombre de persona Peña, José de la.
9 (RLIN) 90227
852 ## - LOCALIZACIÓN
Ubicación ES-MaACL
Número de control de estantería T-360-F-10
Nota libre .- Enc. en un vol. facticio
Holdings
Estatus retirado Estado de pérdida Estado de daño No para préstamo Colección Biblioteca de origen Biblioteca actual Ubicación en estantería Fecha de adquisición Total de préstamos Signatura topográfica completa Código de barras Visto por última vez Precio de reemplazo Tipo de ítem Koha
        Colección de folletos Biblioteca del Ateneo de Madrid Biblioteca del Ateneo de Madrid Depósito folletos 20/12/2012   T-360-F-10 1190614 23/02/2023 23/02/2023 Folleto